Poesía, 1934-1959 / (Record no. 84573)

MARC details
000 -LEADER
campo de control de longitud fija 00598nam a2200193 i 4500
001 - NÚMERO DE CONTROL
campo de control 84573
003 - IDENTIFICADOR DE NÚMERO DE CONTROL
campo de control ES-MaACL
005 - FECHA Y HORA DE LA ÚLTIMA TRANSACCIÓN
campo de control 20230906175035.0
007 - CAMPO FIJO DE DESCRIPCIÓN FÍSICA--INFORMACIÓN GENERAL
campo de control de longitud fija t|
008 - DATOS DE LONGITUD FIJA--INFORMACIÓN GENERAL
campo de control de longitud fija 041123s1979 sp ||||1| spa d
020 ## - NÚMERO INTERNACIONAL ESTÁNDAR DEL LIBRO
Número Internacional Estándar del Libro 84-01-37038-8
100 1# - ENTRADA PRINCIPAL--NOMBRE DE PERSONA
Nombre de persona Janés i Olivé, Josep.
9 (RLIN) 66016
245 10 - MENCIÓN DEL TÍTULO
Título Poesía, 1934-1959 /
Mención de responsabilidad, etc. Josep Janés i Olivé ; [práoleg de Josep Cruset].
260 ## - PUBLICACIÓN, DISTRIBUCIÓN, ETC.
Lugar de publicación, distribución, etc. Esplugues de Llobregat (Barcelona) :
Nombre del editor, distribuidor, etc. Plaza & Janés,
Fecha de publicación, distribución, etc. 1979.
300 ## - DESCRIPCIÓN FÍSICA
Extensión 96 p. ;
Dimensiones 19 cm.
700 1# - ENTRADA AGREGADA--NOMBRE PERSONAL
Nombre de persona Cruset, José.
9 (RLIN) 41775
852 ## - LOCALIZACIÓN
Ubicación ES-MaACL
Número de control de estantería G-2853
Sublocalización o colección R.114262
852 ## - LOCALIZACIÓN
Ubicación ES-MaACL
Número de control de estantería F-10494
Sublocalización o colección R.115007
Holdings
Estatus retirado Estado de pérdida Estado de daño No para préstamo Biblioteca de origen Biblioteca actual Ubicación en estantería Fecha de adquisición Fuente de adquisición Total de préstamos Signatura topográfica completa Código de barras Visto por última vez Precio de reemplazo Tipo de ítem Koha
        Biblioteca del Ateneo de Madrid Biblioteca del Ateneo de Madrid Sala Pecera Planta 2 17/01/2008     F-10494 1088383 23/02/2023 23/02/2023 Libro impreso
        Biblioteca del Ateneo de Madrid Biblioteca del Ateneo de Madrid Depósito 2 17/01/2008     G-2853 1088382 23/02/2023 23/02/2023 Libro impreso